Music Quiz

Random Music or Song Quiz

Vincent Price's Thriller Quiz Stats

 Plays Quiz Updated Jan 13, 2020

     
Support Sporcle.
Go Orange.
Score 0/153 Timer 08:00
1 Play Today
% Correct
the
90.3%
The
90.3%
the
90.3%
the
90.3%
The
90.3%
the
90.3%
the
90.3%
The
90.3%
the
90.3%
The
90.3%
the
90.3%
the
90.3%
a
89.6%
thriller.
79.9%
to
76.6%
to
76.6%
to
76.6%
to
76.6%
to
76.6%
to
76.6%
to
76.6%
to
76.6%
you
76.1%
you
76.1%
You
76.1%
You
76.1%
you
76.1%
you
76.1%
in
75.7%
in
75.7%
in
75.7%
in
75.7%
in
75.7%
of
74.4%
of
74.4%
of
74.4%
of
74.4%
And
73%
and
73%
and
73%
And
73%
And
73%
is
71.8%
is
71.8%
is
71.8%
your
65.1%
your
65.1%
for
63.2%
For
63.2%
for
63.2%
For
63.2%
% Correct
no
62.1%
no
62.1%
be
59.7%
can
59.6%
at
59%
Darkness
57.3%
midnight
56.5%
close
55.2%
so
54.7%
so
54.7%
hand.
53.6%
hour
53.1%
land.
52.3%
falls
51.8%
evil
51.8%
evil
51.8%
neighborhood
51.6%
across
51.1%
blood
49.7%
terrorize
49.5%
body
47.3%
shiver.
47%
search
45.3%
starts
45%
are
44.9%
mortal
44.5%
resist
44.1%
Creatures
43.5%
from
43.5%
from
43.5%
ever
43.5%
down
43.1%
crawl
42.3%
Hell
42.2%
with
42.2%
although
41%
mere
40.8%
inside
40.7%
thousand
40.6%
alive,
40.5%
ghouls
40.4%
stay
40.3%
years
40.1%
shell.
40.1%
though
39.9%
rot
39.5%
fight
39.3%
soul
38.7%
getting
38.6%
doom.
38.3%
every
38.3%
% Correct
funk
38.2%
hounds
37.9%
forty
37.4%
found
36.5%
corpse's
36.3%
tomb
36.1%
seal
35.9%
shall
35.7%
without
35.7%
air.
35.2%
closing
32.9%
stench
32.7%
face
32.5%
stand
32.3%
stand
32.3%
grisly
30.6%
y'all's
28.9%
foulest
27.1%
It's
25.7%
it's
25.7%
it's
25.7%
whosoever
25%
But
24.3%
must
23.9%
they
23.7%
try
21.5%
try
21.5%
see,
21.3%
run.
20.1%
scream.
19.2%
more
11.4%
you'll
11.2%
demons
10.7%
right.
9%
sun
8.4%
beat,
8.1%
crypt
7.8%
feet.
7.4%
still
7.1%
hard
7%
grip.
6.9%
delight.
6.7%
plump,
6.7%
frozen
6.7%
sheer
6.3%
icy
6.2%
groove
6.1%
squeal
6.1%
spy,
5.9%
crush
5%
reached
4.1%

From the Vault

Choose Your Chunks: Literature

by jrage2009

If you're really into chunks, you'll do the truffle shuffle while you play this quiz.
Remove Ads.
Support Sporcle.
Get the best of Sporcle when you Go Orange. This ad-free experience offers more features, more stats, and more fun while also helping to support Sporcle. Thank you for becoming a member.

Show Comments

Extras

Top Quizzes Today


Score Distribution

Your Account Isn't Verified!

In order to create a playlist on Sporcle, you need to verify the email address you used during registration. Go to your Sporcle Settings to finish the process.

Report this User

Report this user for behavior that violates our Community Guidelines.

Details: